000 00487nam a22001577a 4500
003 OSt
005 20220909215549.0
008 220909b |||||||| |||| 00| 0 eng d
040 _cBiblioteca Lado V
082 _a750.118
_bR257t
110 _aRawmaterial Company
245 _aToutes les fautes qu'il y avait dans le monde, je les ai ramassées/
260 _aFrancia
_bRawmaterial Company
_c2018
300 _a60p.
_c15x21cm
942 _2ddc
_c1
_h750.118
_iR257t
_n0
999 _c1990
_d1990